| 000 | 00468cam a22001451a 4500 | ||
|---|---|---|---|
| 082 |
_a808.831 _bDHI |
||
| 245 | 0 | 2 |
_aTreasury of tales : _bcontaining one hundred choice stories _cby the best American and foreign authors. |
| 260 |
_aNew York : _bCaxton Book Co., _c1885. |
||
| 300 |
_bill. ; _c29 cm. |
||
| 500 | _aImperfect: t.-p. wanting. | ||
| 526 |
_a0 _b0 _c0 _d808_831000000000000_DHI |
||
| 650 |
_aMCE _9379 |
||
| 700 | 1 |
_aSwinton, William, _946910 |
|
| 942 |
_2ddc _cBK |
||
| 999 |
_c550189 _d550189 |
||